The house of Dodwell : A century of Achievement 1858 - 1958

Spremljeno u:
Bibliografski detalji
Format: Knjiga
Jezik:Undetermined
Izdano: London Dodwell & Company Limited
Teme:
Oznake: Dodaj oznaku
Bez oznaka, Budi prvi tko označuje ovaj zapis!
Thư viện lưu trữ: Trung tâm Học liệu Trường Đại học Cần Thơ
LEADER 00448nam a2200157Ia 4500
001 CTU_105627
008 210402s9999 xx 000 0 und d
082 |a 387.524 
082 |b H842 
245 4 |a The house of Dodwell : 
245 2 |b A century of Achievement 1858 - 1958 
260 |a London 
260 |b Dodwell & Company Limited 
650 |a Dodwell and company 
904 |i Nguyên 
980 |a Trung tâm Học liệu Trường Đại học Cần Thơ